[Event "XIII International Chess Festival"]
[Site "Paracin"]
[Date "2020.07.09"]
[Round "8.12"]
[White "Pastar, Slaven"]
[Black "Radisavljevic, Dalibor"]
[Result "1-0"]
[BlackElo "2214"]
[WhiteElo "2323"]
[LiveChessVersion "1.4.8"]

1. d4 {[%clk 1:30:49]} c5 {[%clk 1:30:53]} 2. d5 {[%clk 1:31:14]} Nf6
{[%clk 1:31:06]} 3. Nf3 {[%clk 1:31:16]} g6 {[%clk 1:30:37]} 4. c4
{[%clk 1:31:12]} d6 {[%clk 1:31:01]} 5. Nc3 {[%clk 1:31:38]} Bg7 {[%clk 1:31:27]}
6. Bg5 {[%clk 1:32:02]} h6 {[%clk 1:19:47]} 7. Bh4 {[%clk 1:31:22]} g5
{[%clk 1:14:05]} 8. Bg3 {[%clk 1:29:59]} Qa5 {[%clk 1:13:11]} 9. Nd2
{[%clk 1:27:57]} Bf5 {[%clk 1:04:58]} 10. e3 {[%clk 1:26:27]} Na6
{[%clk 0:56:39]} 11. Be2 {[%clk 1:19:39]} Ne4 {[%clk 0:48:41]} 12. Ndxe4
{[%clk 1:12:28]} Bxe4 {[%clk 0:49:01]} 13. O-O {[%clk 1:12:49]} Bxc3
{[%clk 0:27:21]} 14. bxc3 {[%clk 1:12:24]} Qxc3 {[%clk 0:27:41]} 15. Qa4+
{[%clk 1:12:09]} Kd8 {[%clk 0:27:48]} 16. Rac1 {[%clk 1:06:33]} Qb4
{[%clk 0:26:31]} 17. Qd1 {[%clk 1:06:54]} Qa3 {[%clk 0:25:54]} 18. f3
{[%clk 1:03:03]} Bg6 {[%clk 0:24:02]} 19. e4 {[%clk 1:01:03]} f6 {[%clk 0:21:19]}
20. Qd2 {[%clk 0:56:17]} Nb4 {[%clk 0:19:23]} 21. Ra1 {[%clk 0:54:28]} b6
{[%clk 0:16:11]} 22. Rfb1 {[%clk 0:45:17]} Qa4 {[%clk 0:10:13]} 23. Bd1
{[%clk 0:44:27]} Qd7 {[%clk 0:10:00]} 24. Rb2 {[%clk 0:42:58]} Ke8
{[%clk 0:06:43]} 25. a3 {[%clk 0:40:12]} Na6 {[%clk 0:07:09]} 26. Bc2
{[%clk 0:40:32]} Kf7 {[%clk 0:06:43]} 27. Rf1 {[%clk 0:39:52]} Kg7
{[%clk 0:04:03]} 28. Rb3 {[%clk 0:38:38]} e5 {[%clk 0:02:16]} 29. dxe6
{[%clk 0:37:02]} Qxe6 {[%clk 0:02:45]} 30. Rd3 {[%clk 0:36:31]} Rad8
{[%clk 0:02:13]} 31. Rd1 {[%clk 0:36:23]} Qxc4 {[%clk 0:00:44]} 32. Bb3
{[%clk 0:35:16]} Qb5 {[%clk 0:00:49]} 33. Qc3 {[%clk 0:35:06]} Qa5
{[%clk 0:00:37]} 34. Qxa5 {[%clk 0:28:51]} bxa5 {[%clk 0:01:06]} 35. Rxd6
{[%clk 0:29:10]} Rxd6 {[%clk 0:01:17]} 36. Rxd6 {[%clk 0:29:38]} Nb8
{[%clk 0:01:25]} 37. e5 {[%clk 0:27:14]} Rc8 {[%clk 0:00:37]} 38. exf6+
{[%clk 0:26:22]} Kh7 {[%clk 0:01:06]} 39. f7 {[%clk 0:20:06]} a4 {[%clk 0:00:36]}
40. Bc4 {[%clk 0:18:56]} Rf8 {[%clk 0:00:46]} 41. Be5 {[%clk 0:18:23]} Bxf7
{[%clk 0:00:34]} 42. Bd3+ {[%clk 0:17:48]} 1-0

[Event "XIII International Chess Festival"]
[Site "Paracin"]
[Date "2020.07.09"]
[Round "8.14"]
[White "Martic, Ivan"]
[Black "Srdanovic, Jovana"]
[Result "0-1"]
[BlackElo "2070"]
[WhiteElo "2386"]
[LiveChessVersion "1.4.8"]

1. Nf3 Nf6 2. d3 d5 3. g3 g6 4. Bg2 Bg7 5. O-O O-O 6. Nbd2 {[%clk 1:30:50]} Nc6
{[%clk 1:29:49]} 7. c4 {[%clk 1:29:44]} e5 {[%clk 1:27:39]} 8. cxd5
{[%clk 1:28:42]} Nxd5 {[%clk 1:27:25]} 9. a3 {[%clk 1:28:29]} a5 {[%clk 1:10:07]}
10. Rb1 {[%clk 1:25:31]} Qd7 {[%clk 1:02:53]} 11. Re1 {[%clk 1:19:05]} b6
{[%clk 0:52:50]} 12. Ne4 {[%clk 1:11:44]} Bb7 {[%clk 0:52:13]} 13. Bd2
{[%clk 1:11:52]} Rad8 {[%clk 0:44:09]} 14. Nc3 {[%clk 1:06:47]} Nce7
{[%clk 0:35:44]} 15. Qc2 {[%clk 0:56:14]} c5 {[%clk 0:32:04]} 16. Rbd1
{[%clk 0:55:48]} Bc6 {[%clk 0:31:39]} 17. Qb1 {[%clk 0:53:24]} Qb7
{[%clk 0:30:20]} 18. Nxd5 {[%clk 0:51:53]} Bxd5 {[%clk 0:28:14]} 19. Rc1
{[%clk 0:48:30]} a4 {[%clk 0:26:52]} 20. h4 {[%clk 0:48:01]} Nc6 {[%clk 0:26:31]}
21. Bc3 {[%clk 0:47:11]} Nd4 {[%clk 0:26:09]} 22. e4 Bb3 {[%clk 0:21:58]} 23.
Nxd4 {[%clk 0:39:35]} cxd4 {[%clk 0:22:18]} 24. Bd2 {[%clk 0:39:39]} Rc8
{[%clk 0:21:43]} 25. f4 {[%clk 0:39:16]} Bh6 {[%clk 0:20:41]} 26. Rf1
{[%clk 0:38:13]} Rxc1 {[%clk 0:19:36]} 27. Rxc1 {[%clk 0:37:11]} Qd7
{[%clk 0:17:21]} 28. Rf1 {[%clk 0:35:28]} Rc8 {[%clk 0:17:14]} 29. Rc1
{[%clk 0:32:18]} exf4 {[%clk 0:14:27]} 30. gxf4 {[%clk 0:31:16]} Re8
{[%clk 0:12:49]} 31. e5 {[%clk 0:30:44]} Qg4 {[%clk 0:12:53]} 32. Rf1
{[%clk 0:30:44]} Qxh4 {[%clk 0:11:56]} 33. Qe1 {[%clk 0:30:38]} Qg4
{[%clk 0:11:45]} 34. Qf2 {[%clk 0:29:26]} Bd5 {[%clk 0:11:42]} 35. Kh2
{[%clk 0:29:45]} Qh5+ {[%clk 0:08:37]} 36. Bh3 {[%clk 0:29:30]} Be6
{[%clk 0:08:47]} 37. Qf3 {[%clk 0:29:14]} Qh4 {[%clk 0:09:07]} 38. Be1
{[%clk 0:29:21]} Bxf4+ {[%clk 0:09:11]} 39. Qxf4 {[%clk 0:29:34]} Qxh3+
{[%clk 0:09:34]} 40. Kg1 {[%clk 0:29:59]} Bd5 {[%clk 0:09:46]} 0-1

[Event "XIII International Chess Festival"]
[Site "Paracin"]
[Date "2020.07.09"]
[Round "8.15"]
[White "Tosic, Nebojsa"]
[Black "Abramovic, Bosko"]
[Result "0-1"]
[BlackElo "2351"]
[WhiteElo "2096"]
[LiveChessVersion "1.4.8"]

1. e4 {[%clk 1:30:56]} c5 {[%clk 1:30:51]} 2. Nf3 {[%clk 1:31:03]} Nc6
{[%clk 1:31:11]} 3. d4 {[%clk 1:31:25]} cxd4 {[%clk 1:31:13]} 4. Nxd4
{[%clk 1:31:54]} e6 {[%clk 1:31:27]} 5. Nc3 {[%clk 1:31:57]} a6 {[%clk 1:31:50]}
6. Be2 {[%clk 1:31:21]} d6 {[%clk 1:32:07]} 7. Nxc6 {[%clk 1:25:37]} bxc6
{[%clk 1:32:30]} 8. Bf4 {[%clk 1:25:19]} e5 {[%clk 1:26:29]} 9. Be3
{[%clk 1:20:44]} Nf6 {[%clk 1:26:53]} 10. O-O {[%clk 1:20:06]} Be7
{[%clk 1:27:16]} 11. f4 {[%clk 1:05:31]} Nd7 {[%clk 1:25:31]} 12. Bc4
{[%clk 1:02:51]} O-O {[%clk 1:23:15]} 13. Qd2 {[%clk 1:01:26]} a5
{[%clk 1:17:00]} 14. Rad1 {[%clk 0:55:31]} a4 {[%clk 1:17:11]} 15. b3
{[%clk 0:53:12]} axb3 {[%clk 1:15:22]} 16. cxb3 {[%clk 0:53:02]} Ba6
{[%clk 1:15:13]} 17. Bxa6 {[%clk 0:47:32]} Rxa6 {[%clk 1:14:42]} 18. f5
{[%clk 0:47:55]} Nf6 {[%clk 1:12:41]} 19. Bg5 {[%clk 0:45:46]} Qa5
{[%clk 1:09:28]} 20. Rf3 {[%clk 0:43:41]} Rd8 {[%clk 1:09:15]} 21. Rd3
{[%clk 0:41:37]} Raa8 {[%clk 1:05:47]} 22. h3 {[%clk 0:37:29]} Kf8
{[%clk 0:58:53]} 23. Bxf6 {[%clk 0:34:40]} Bxf6 {[%clk 0:59:18]} 24. Rxd6
{[%clk 0:30:28]} Be7 {[%clk 0:59:41]} 25. Rd3 {[%clk 0:29:00]} Rxd3
{[%clk 1:00:02]} 26. Qxd3 {[%clk 0:29:27]} Rd8 {[%clk 0:59:36]} 27. Qg3
{[%clk 0:24:07]} Rxd1+ {[%clk 0:57:11]} 28. Nxd1 {[%clk 0:23:56]} Qd2
{[%clk 0:56:31]} 29. Qf3 {[%clk 0:21:37]} Qe1+ {[%clk 0:53:47]} 30. Kh2
{[%clk 0:21:10]} Bc5 {[%clk 0:54:12]} 31. h4 {[%clk 0:14:08]} Qxh4+
{[%clk 0:49:38]} 32. Qh3 {[%clk 0:14:28]} Qxe4 {[%clk 0:48:15]} 33. Qxh7
{[%clk 0:13:39]} Bd4 {[%clk 0:44:06]} 34. a4 {[%clk 0:10:28]} Qg4
{[%clk 0:42:30]} 35. f6 {[%clk 0:08:23]} gxf6 {[%clk 0:39:33]} 36. Qh6+
{[%clk 0:08:53]} Ke7 {[%clk 0:39:29]} 37. Ne3 {[%clk 0:09:04]} Qe4
{[%clk 0:38:27]} 38. Nf1 {[%clk 0:08:07]} Qg4 {[%clk 0:25:17]} 39. Ng3
{[%clk 0:01:53]} Bf2 {[%clk 0:25:24]} 40. Nh1 {[%clk 0:02:21]} Be1
{[%clk 0:24:42]} 41. Qc1 {[%clk 0:02:27]} Qh4+ {[%clk 0:23:54]} 42. Kg1
{[%clk 0:02:55]} Qd4+ {[%clk 0:24:15]} 43. Kh2 {[%clk 0:01:54]} Bd2
{[%clk 0:23:22]} 44. Qc4 {[%clk 0:01:40]} Qxc4 {[%clk 0:22:58]} 45. bxc4
{[%clk 0:02:09]} f5 {[%clk 0:23:18]} 46. Kg1 {[%clk 0:01:36]} f4 {[%clk 0:22:58]}
47. Kf1 {[%clk 0:02:01]} f5 {[%clk 0:21:13]} 48. Nf2 {[%clk 0:00:51]} Be3
{[%clk 0:20:37]} 49. Nh3 {[%clk 0:01:21]} Kd6 {[%clk 0:18:10]} 50. Ke2
{[%clk 0:01:10]} Kc5 {[%clk 0:18:31]} 51. Ng5 {[%clk 0:00:51]} Kxc4
{[%clk 0:18:47]} 52. Nf7 {[%clk 0:01:11]} Kd5 {[%clk 0:16:35]} 53. a5
{[%clk 0:01:22]} Ba7 {[%clk 0:16:42]} 54. Nd8 {[%clk 0:00:34]} e4
{[%clk 0:16:55]} 55. a6 {[%clk 0:00:42]} c5 {[%clk 0:17:19]} 0-1

[Event "International OPEN "]
[Site "Paracin, Pool "]
[Date "2020.07.09"]
[Round "8.17"]
[White "Micic, Aleksa"]
[Black "Tirelli, Mauro"]
[Result "1/2-1/2"]
[WhiteElo "2008"]
[BlackElo "2187"]
[PlyCount "45"]
[EventDate "2020.07.03"]

1. e4 c5 2. Nf3 e6 3. d4 cxd4 4. Nxd4 Nf6 5. Nc3 Nc6 6. Nxc6 bxc6 7. e5 Nd5 8.
Ne4 Qc7 9. f4 Qb6 10. c4 Bb4+ 11. Ke2 Ba6 12. Kf3 f5 13. exf6 Nxf6 14. Be3 Qc7
15. Nxf6+ gxf6 16. c5 Bxf1 17. Rxf1 Qd8 18. Qd4 Ba5 19. Rad1 Rb8 20. a3 Rb3 21.
Rd3 Rxd3 22. Qxd3 O-O 23. Rd1 1/2-1/2

[Event "International OPEN "]
[Site "Paracin, Pool "]
[Date "2020.07.09"]
[Round "8.18"]
[White "Zlatkov, Anton"]
[Black "Terziev, Dimo"]
[Result "1/2-1/2"]
[WhiteElo "1948"]
[BlackElo "2167"]
[PlyCount "84"]
[EventDate "2020.07.03"]

1. e4 g6 2. d4 Bg7 3. Nf3 d6 4. h3 Nf6 5. Nc3 c6 6. a4 O-O 7. Be3 Qc7 8. Be2
Nbd7 9. O-O e5 10. dxe5 dxe5 11. Qd2 Re8 12. Rfd1 Bf8 13. Bc4 Nc5 14. Ng5 Ne6
15. Nxe6 Bxe6 16. Bxe6 Rxe6 17. Qe2 Rd6 18. Rxd6 Bxd6 19. Rd1 Nh5 20. g3 b6 21.
Kg2 Ng7 22. Qd3 Be7 23. Qd7 Rc8 24. a5 bxa5 25. Bxa7 Ne6 26. Qxc7 Rxc7 27. Bb6
Rb7 28. Na4 f5 29. exf5 gxf5 30. b3 Bb4 31. g4 Nf4+ 32. Kg3 Nd5 33. Bc5 f4+ 34.
Kf3 Rd7 35. Bxb4 e4+ 36. Ke2 axb4 37. Ke1 e3 38. c4 bxc3 39. Nxc3 Rb7 40. Nxd5
cxd5 41. fxe3 fxe3 42. Rxd5 Rxb3 1/2-1/2

[Event "International OPEN "]
[Site "Paracin, Pool "]
[Date "2020.07.09"]
[Round "8.19"]
[White "Radosavljevic, Slobodan D"]
[Black "Milovanovic, Srboljub"]
[Result "1/2-1/2"]
[WhiteElo "2159"]
[BlackElo "2043"]
[PlyCount "120"]
[EventDate "2020.07.03"]

1. g3 d5 2. Bg2 Nf6 3. d3 e5 4. Nf3 Bd6 5. O-O O-O 6. c4 dxc4 7. dxc4 c6 8. Nc3
h6 9. Qc2 Qe7 10. e4 Be6 11. b3 Nbd7 12. a3 a5 13. Bb2 Rfc8 14. a4 Bg4 15. Nh4
Bb4 16. h3 Be6 17. Nf3 Rab8 18. Nd1 Bd6 19. Ne3 b5 20. axb5 cxb5 21. Rxa5 bxc4
22. bxc4 Nxe4 23. Nxe5 Nxe5 24. Bxe5 Bxe5 25. Qxe4 Bc3 26. Nd5 Qd8 27. Rb5 Bxd5
28. Qxd5 Qxd5 29. Bxd5 Bd4 30. Rfb1 Rxb5 31. Rxb5 Rc7 32. Kg2 Kf8 33. f4 Ke7
34. Kf3 Bc5 35. Ra5 Bg1 36. g4 Bb6 37. Ra6 Bg1 38. h4 Bc5 39. h5 Bd6 40. Ke4 g6
41. Bxf7 Kxf7 42. Rxd6 gxh5 43. Kd5 hxg4 44. Rxh6 Rd7+ 45. Ke4 Rd2 46. Rh5 g3
47. Rg5 g2 48. Ke3 Rc2 49. Kd4 Ke6 50. Kc5 Rb2 51. Kc6 Rc2 52. c5 Rb2 53. Kc7
Rc2 54. c6 Kf6 55. Kd7 Rd2+ 56. Kc8 Rb2 57. c7 Rd2 58. Kb7 Rb2+ 59. Kc6 Rc2+
60. Kd6 Rd2+ 1/2-1/2

[Event "International OPEN "]
[Site "Paracin, Pool "]
[Date "2020.07.09"]
[Round "8.20"]
[White "Petkovic, Jovan"]
[Black "Pantic, Ivica"]
[Result "1-0"]
[WhiteElo "1980"]
[BlackElo "2131"]
[PlyCount "101"]
[EventDate "2020.07.03"]

1. e4 Nf6 2. e5 Nd5 3. d4 d6 4. c4 Nb6 5. f4 Bf5 6. Nc3 dxe5 7. fxe5 Nc6 8. Nf3
Nb4 9. Kf2 Nc2 10. Rb1 c5 11. d5 Nb4 12. Ra1 e6 13. dxe6 Bxe6 14. b3 Qxd1 15.
Nxd1 O-O-O 16. Nc3 h6 17. Be2 g5 18. h3 Nc2 19. Rb1 Bg7 20. Nb5 Kb8 21. Bb2 Nb4
22. Nc3 Nc6 23. Rbe1 Nxe5 24. Nd1 Nbd7 25. Kg3 Rhg8 26. Rhf1 Nc6 27. Bxg7 Rxg7
28. Nc3 Ne7 29. Bd3 g4 30. hxg4 Rxg4+ 31. Kf2 Rdg8 32. Rg1 Nf6 33. Re5 Rd4 34.
Ke2 Bg4 35. Rd1 Ng6 36. Rxc5 Nf4+ 37. Ke3 Bxf3 38. gxf3 Ne6 39. Rf5 Rg6 40. Nd5
Ne8 41. Rxf7 Rg5 42. Rh1 Re5+ 43. Be4 Nd6 44. Rf8+ Nxf8 45. Kxd4 Re6 46. Nf4
Rf6 47. Nh5 Nf5+ 48. Ke5 Nd7+ 49. Kf4 Ng7+ 50. Nxf6 Nxf6 51. Rxh6 1-0